Entry Personal Name
Number of records used in: 1
001 - CONTROL NUMBER
003 - CONTROL NUMBER IDENTIFIER
005 - DATE AND TIME OF LATEST TRANSACTION
- control field:
20191231101410.0
008 - FIXED-LENGTH DATA ELEMENTS
- fixed length control field:
820315n| acannaab| |a aaa |||
010 ## - LIBRARY OF CONGRESS CONTROL NUMBER
- LC control number:
n 82033397
040 ## - CATALOGING SOURCE
- Original cataloging agency:
DLC
- Transcribing agency:
DLC
100 10 - HEADING--PERSONAL NAME
- Personal name:
Hoag, John H.,
- Dates associated with a name:
1944-
400 10 - SEE FROM TRACING--PERSONAL NAME
- Personal name:
Hoag, John,
- Dates associated with a name:
1944-
670 ## - SOURCE DATA FOUND
- Source citation:
Browne, M.N. Understanding economic analysis, 1982 (a.e.)
- Information found:
CIP t.p. (John Hoag, Bowling Green St. Univ.) pub. info. (assoc. prof. of economics; Ph. D., Kansas) CIP data sheet (b. 11-4-44) book t.p. (John H. Hoag)